| 000 | 01016nam a22002417a 4500 | ||
|---|---|---|---|
| 005 | 20170531151616.0 | ||
| 010 | _a1516ENO7 ENG-114560 | ||
| 020 |
_a9789350717219 _c525.00 |
||
| 035 | _aEn-98092 | ||
| 035 | _aE-606613-628 | ||
| 035 | _aB-666063 | ||
| 037 |
_adpl _bVariety/Ven |
||
| 037 | _bDBAD/PUB | ||
| 082 | _a658.15 | ||
| 100 | _aMohanty, Pitabas | ||
| 245 |
_aTaxmann's business valuation : _cby Pitabas Mohanty _btext and cases / |
||
| 260 |
_aNew Delhi _bTaxmann Publications _c2015 |
||
| 270 |
_a59/32,New Rohtak Road, _bNew Delhi _e110005 _k+91-11-45562222 _l- _m- |
||
| 300 |
_aI-9,445p. _c24cm(pbk) |
||
| 942 |
_2ddc _cEN _mMOH _h658.15 |
||
| 999 |
_c95795 _d95795 |
||